Statistics for Washington Wizards Leaders Per Year

Click here to take the quiz!

General Stats

  • This quiz has been taken 293 times
    (108 since last reset)
  • The average score is 17 of 75

Answer Stats

Player% Correct
Bradley Beal
100%
John Wall
100%
Wes Unseld
78%
Gilbert Arenas
76%
Elvin Hayes
65%
Marcin Gortat
56%
Thomas Bryant
53%
Michael Jordan
53%
Antawn Jamison
45%
Juwan Howard
42%
Frank Johnson
42%
Gus Johnson
42%
Chris Webber
40%
Michael Smith
40%
Gus Williams
38%
Kevin Porter
38%
John Williams
38%
Aaron Williams
38%
Otto Porter Jr.
38%
Charles Jones
31%
Popeye Jones
31%
Jeff Malone
29%
Caron Butler
29%
Moses Malone
29%
Manute Bol
29%
Cliff Robinson
27%
Earl Monroe
25%
Kwame Brown
25%
Bernard King
24%
Etan Thomas
22%
Walt Bellamy
22%
Ben Wallace
22%
JaVale McGee
20%
Nick Young
18%
Jerry Stackhouse
18%
Brendan Haywood
18%
Rod Strickland
16%
Gheorghe Muresan
16%
Si Green
15%
Muggsy Bogues
15%
Ian Mahinmi
15%
Jahidi White
15%
Phil Chenier
15%
Mitch Richmond
11%
Larry Hughes
9%
Darrell Walker
9%
Tom Gugliotta
9%
Bob Dandridge
9%
Dave Bing
7%
Harvey Grant
7%
Jeff Ruland
7%
Rex Chapman
7%
Michael Adams
7%
Pervis Ellison
5%
Andray Blatche
5%
Emeka Okafor
4%
Archie Clark
4%
Tom Henderson
4%
Scott Skiles
4%
John Lucas
4%
Greg Ballard
2%
Robert Pack
2%
Calvin Booth
2%
Christian Laettner
2%
Kevin Loughery
2%
Ray Scott
2%
Don Ohl
2%
Slick Leonard
2%
Haywoode Workman
0%
Ennis Whatley
0%
Rick Mahorn
0%
Johnny Egan
0%
Ricky Sobers
0%
Rod Thorn
0%
Terry Catledge
0%

Score Distribution

Percentile by Number Answered

Percent of People with Each Score

Your Score History

You have not taken this quiz since the last reset